[Event "Perak UTP-ch U1800"]
[Site "Perak"]
[Date "2025.06.15"]
[Round "7"]
[White "Mohd Faris, Hashsya Nawwarah"]
[Black "Mohd Sabri, Mohd Darwis"]
[Result "0-1"]
[WhiteElo "1569"]
[BlackElo "1762"]
[PlyCount "94"]
[EventDate "2025.06.14"]
[EventType "swiss"]
[EventRounds "7"]
[EventCountry "MAS"]
[SourceTitle "CB25_2025"]
[SourceDate "2025.06.18"]
[SourceVersion "1"]
[SourceVersionDate "2025.06.18"]
[SourceQuality "1"]

1. e4 d5 2. exd5 Qxd5 3. Nc3 Qd8 4. d4 Nf6 5. Bf4 c6 6. Be2 Bf5 7. Nf3 h6 8. 0-0 e6 9. Ne5 Bd6 10. Bg3 0-0 11. Bd3 Bxd3 12. Qxd3 Na6 13. a3 Nc7 14. Qe2 Ncd5 15. Ne4 Nxe4 16. Qxe4 Bxe5 17. dxe5 Ne7 18. Rad1 Qc7 19. Rd3 Rad8 20. Rfd1 Ng6 21. Rd6 Qb6 22. h4 Ne7 23. Qd4 Qxd4 24. R1xd4 Rb8 25. Rd7 Nd5 26. c4 Nb6 27. R7d6 Rfc8 28. b3 a5 29. a4 Re8 30. f3 Nc8 31. Rd8 Kf8 32. h5 Ne7 33. Rxb8 Rxb8 34. Be1 Nf5 35. Rd3 b6 36. c5 bxc5 37. Bxa5 Nd4 38. b4 Ne2+ 39. Kf2 Nf4 40. Rb3 Ra8 41. Bb6 cxb4 42. a5 Ke8 43. g3 Nd5 44. Rb1 Ra6 45. Rc1 Kd7 46. Rd1 Kc8 47. Rc1 Kb7 0-1

[Event "Perak UTP-ch U1800"]
[Site "Perak"]
[Date "2025.06.14"]
[Round "2"]
[White "Mohd Fadly, Muhd Airy"]
[Black "Mohd Sabri, Mohd Darwis"]
[Result "1/2-1/2"]
[WhiteElo "1513"]
[BlackElo "1762"]
[PlyCount "116"]
[EventDate "2025.06.14"]
[EventType "swiss"]
[EventRounds "7"]
[EventCountry "MAS"]
[SourceTitle "CB25_2025"]
[SourceDate "2025.06.18"]
[SourceVersion "1"]
[SourceVersionDate "2025.06.18"]
[SourceQuality "1"]

1. d4 Nf6 2. c4 c5 3. d5 b5 4. cxb5 a6 5. e3 g6 6. Nc3 Bg7 7. Nf3 d6 8. Be2 Nbd7 9. 0-0 0-0 10. e4 Bb7 11. h3 axb5 12. Bxb5 Ba6 13. Bxa6 Rxa6 14. Bf4 Qb6 15. Rb1 Rfa8 16. a3 Nh5 17. Be3 Qc7 18. Qd2 Nb6 19. Rfc1 Nc4 20. Qe2 Nxe3 21. Qxe3 Rb8 22. g4 Nf6 23. e5 Ne8 24. e6 f6 25. h4 Qb7 26. h5 Nc7 27. Qe4 g5 28. Ne1 Nb5 29. Nxb5 Qxb5 30. Qc4 Qxc4 31. Rxc4 Rxa3 32. b4 Ra4 33. Nc2 f5 34. gxf5 Be5 35. h6 Kf8 36. f3 Ke8 37. Re4 Ra2 38. Rc4 Kd8 39. Re1 Ra4 40. Ree4 cxb4 41. Rxb4 Rbxb4 42. Nxb4 Ra1+ 43. Kg2 Kc7 44. Nc6 Ra2+ 45. Kg1 Ra1+ 46. Kf2 Bf6 47. Nxe7 Ra2+ 48. Ke1 Ra1+ 49. Kd2 Ra2+ 50. Kc1 Ra1+ 51. Kc2 Bxe7 52. f6 Bxf6 53. e7 Bxe7 54. Rxe7+ Kb6 55. Rxh7 Kc5 56. Rg7 Rh1 57. Rxg5 Rxh6 58. Kd3 Rh4 1/2-1/2

[Event "Perak UTP-ch U1800"]
[Site "Perak"]
[Date "2025.06.14"]
[Round "4"]
[White "Mohd Sabri, Mohd Darwis"]
[Black "Saravanan, Keertieshvar"]
[Result "0-1"]
[WhiteElo "1762"]
[BlackElo "1559"]
[PlyCount "110"]
[EventDate "2025.06.14"]
[EventType "swiss"]
[EventRounds "7"]
[EventCountry "MAS"]
[SourceTitle "CB25_2025"]
[SourceDate "2025.06.18"]
[SourceVersion "1"]
[SourceVersionDate "2025.06.18"]
[SourceQuality "1"]

1. e4 c5 2. Nf3 Nc6 3. d4 cxd4 4. Nxd4 Nf6 5. Nc3 e5 6. Nxc6 bxc6 7. Bc4 Bb4 8. Qd3 d5 9. exd5 cxd5 10. Bb5+ Bd7 11. 0-0 Bxc3 12. Bxd7+ Qxd7 13. Qxc3 d4 14. Qg3 0-0 15. Qxe5 Rfe8 16. Qg3 Rac8 17. Qd3 Ne4 18. Bf4 Qf5 19. Bg3 Nxg3 20. fxg3 Qxd3 21. cxd3 Re2 22. Rfe1 Rxb2 23. Re7 Rd2 24. Rxa7 Rxd3 25. a4 g6 26. Rf1 f5 27. Re1 Re3 28. Rd1 Rc2 29. Rb1 Re8 30. Rd7 Ra2 31. Rxd4 Ree2 32. Rh4 Rxg2+ 33. Kh1 Rgb2 34. Rxb2 Rxb2 35. Kg1 Kg7 36. Kf1 g5 37. Rc4 Rxh2 38. a5 Ra2 39. Rc5 Kg6 40. Ke1 h6 41. Rb5 g4 42. Rb6+ Kg5 43. a6 h5 44. Kf1 h4 45. gxh4+ Kxh4 46. Rf6 Kg5 47. Rb6 f4 48. Rb5+ Kh4 49. Rb4 Kg3 50. Rb3+ f3 51. Rb1 Rxa6 52. Kg1 Rh6 53. Rb3 Re6 54. Kf1 Re2 55. Rb8 Rh2 0-1